Keby aj katastrálny... Dva roky Okresného úradu Košice IV.

Bibliographic Details
Main Authors: lia (Author), Štesová, Gabriela (Author)
Corporate Author: Košice IV (Slovensko). Okresný úrad (Author)
Format: Article
Language:Slovak
Subjects:

MARC

LEADER 00000nab a2200000 a 4500
001 vtls000898398
003 SK-MaSNL
005 20260302174808.0
008 040720e19980728xo 0 slo
035 |a KE7405 
040 |a KEVKJB  |b slo  |c KEVKJB  |e AACR2 
041 0 |a slo 
044 |a xo  |c SK 
080 |a 353.5  |2 1981 
100 0 |a lia  |4 aut  |9 873412 
245 1 0 |a Keby aj katastrálny...  |b Dva roky Okresného úradu Košice IV. 
610 2 7 |a Košice IV (Slovensko).  |b Okresný úrad  |2 KEVKJB  |9 168575 
650 0 7 |a štátna správa  |2 KEVKJB  |9 1539 
650 0 7 |a činnosť  |2 KEVKJB  |9 282874 
650 0 7 |a bilancia  |2 KEVKJB  |9 657628 
650 0 7 |a informácie  |2 KEVKJB  |9 1285 
651 7 |a Košice (Slovensko)  |2 KEVKJB  |9 18694 
651 7 |a KE,  |2 KEVKJB  |9 877256 
651 7 |a KE,  |2 KEVKJB  |9 877256 
655 7 |a periodikum  |2 snkbucl  |9 29553 
700 1 0 |a Štesová, Gabriela  |4 aut  |9 822144 
710 2 |a Košice IV (Slovensko).  |b Okresný úrad  |4 aut  |9 168575 
773 0 8 |t Košický večer  |g Roč. 9  |g Roč. 30, č.143, 28.7.1998, s. 3 
852 |a ZVYKNI  |b KIS3GCP 
999 |c 1405083  |d 1407013